Diseases of EAR,NOSE and THROAT ; (Record no. 35315)

MARC details
000 -LEADER
fixed length control field 00549nam a22001937a 4500
005 - DATE AND TIME OF LATEST TRANSACTION
control field 20240312113343.0
008 - FIXED-LENGTH DATA ELEMENTS--GENERAL INFORMATION
fixed length control field 240312b |||||||| |||| 00| 0 eng d
020 ## - INTERNATIONAL STANDARD BOOK NUMBER
ISBN 9788131234310
082 ## - DEWEY DECIMAL CLASSIFICATION NUMBER
Classification number 617.8
Item number DHI-D
100 ## - MAIN ENTRY--AUTHOR
Author Name Dhingra, PL
245 ## - TITLE STATEMENT
Title Diseases of EAR,NOSE and THROAT ;
Remainder of title Head and Neck Surgery /
Statement of responsibility, etc. PL Dhingra,Shruti Dhingra
250 ## - EDITION STATEMENT
Edition statement 6th ed.
260 ## - PUBLICATION, DISTRIBUTION, ETC.
Place of Publication India:
Name of publisher, distributor, etc. Elsevier;
Date of publication, distribution, etc. 2014.
300 ## - PHYSICAL DESCRIPTION
Pages xiii ; 486 p. :
500 ## - GENERAL NOTE
General note include index.
650 ## - SUBJECT ADDED ENTRY--TOPICAL TERM
Subject / Department Medical / ENT
700 ## - ADDED ENTRY--PERSONAL NAME
Personal name Shruti, Dhingra
300 ## - PHYSICAL DESCRIPTION
-- ill;
-- 27 cm.
952 ## - LOCATION AND ITEM INFORMATION (KOHA)
-- 0
-- 0
952 ## - LOCATION AND ITEM INFORMATION (KOHA)
-- 0
-- 0
952 ## - LOCATION AND ITEM INFORMATION (KOHA)
-- 0
-- 0
952 ## - LOCATION AND ITEM INFORMATION (KOHA)
-- 0
-- 0
952 ## - LOCATION AND ITEM INFORMATION (KOHA)
-- 0
-- 0
Holdings
Lost status Damaged status Collection code Permanent Location Current Location Shelving Location Date acquired Full Call Number Accession No./Barcode Date last seen Copy number item type Koha item type
    Medical Superior Information Resource Center (SIRC) Superior University- Main Campus Superior Information Resource Center (SIRC) Superior University- Main Campus ENT 03/12/2024 617.8 DHI-D 2014 10327 03/12/2024 1 BOOK BOOK
    Medical Superior Information Resource Center (SIRC) Superior University- Main Campus Superior Information Resource Center (SIRC) Superior University- Main Campus ENT 03/12/2024 617.8 DHI-D 2014 10328 03/12/2024 2 BOOK BOOK
    Medical Superior Information Resource Center (SIRC) Superior University- Main Campus Superior Information Resource Center (SIRC) Superior University- Main Campus ENT 03/12/2024 617.8 DHI-D 2014 10330 03/12/2024 3 BOOK BOOK
    Medical Superior Information Resource Center (SIRC) Superior University- Main Campus Superior Information Resource Center (SIRC) Superior University- Main Campus ENT 03/12/2024 617.8 DHI-D 2014 10331 03/12/2024 4 BOOK BOOK
    Medical Superior Information Resource Center (SIRC) Superior University- Main Campus Superior Information Resource Center (SIRC) Superior University- Main Campus ENT 03/12/2024 617.8 DHI-D 2014 10558 03/12/2024 5 BOOK BOOK

Powered by Koha